| 000 | 00433nam a22001577a 4500 | ||
|---|---|---|---|
| 005 | 20260410164645.0 | ||
| 020 | _a978-981-4316-82-8 | ||
| 041 | _aeng | ||
| 082 |
_223rd. _a620.115 _bNAT |
||
| 245 |
_aNature's nanostructures _cedited by Amanda S. Barnard |
||
| 260 |
_aSingapoe _bPan Stanford Publishing _c2012 |
||
| 300 |
_axviii,553p.; _c23rd. |
||
| 650 | _aNanostructured materials | ||
| 856 | _uwww.panstanford.com | ||
| 942 | _cBK | ||
| 999 |
_c184618 _d184617 |
||